[Event "European Women-ch 2023"]
[Site "Petrovac"]
[Date "2023.03.26"]
[Round "8.13"]
[White "Shuqja, Klean"]
[Black "Hapala, Elisabeth"]
[Result "1-0"]
[WhiteElo "1884"]
[BlackElo "2072"]
[Annotator "TA"]
[PlyCount "79"]
[EventDate "2023.03.15"]
[EventType "swiss"]
[EventCountry "MNE"]
[SourceTitle "playchess.com"]
[Source "ChessBase"]
[SourceQuality "1"]

1. e4 c5 2. b3 e6 3. Bb2 Nc6 4. Bb5 Nd4 5. Bd3 d5 6. Bxd4 cxd4 7. Bb5+ Bd7 8. Bxd7+ Qxd7 9. e5 Qc7 10. Nf3 Rc8 11. c3 d3 12. O-O Bc5 13. b4 Bb6 14. Na3 a6 15. Qb1 Ne7 16. Qxd3 Ng6 17. Rae1 O-O 18. g3 Rfd8 19. h4 h6 20. Kg2 Qc6 21. h5 Ne7 22. Rb1 Qa4 23. Rb3 Bc7 24. Rfb1 Nc6 25. Qe2 Bb8 26. d3 Ba7 27. R1b2 Rd7 28. Nb1 Nb8 29. c4 dxc4 30. dxc4 Qc6 31. b5 axb5 32. cxb5 Qb6 33. a4 Rc1 34. a5 Qxa5 35. b6 Bxb6 36. Rxb6 Qa1 37. Ra2 Qxb1 38. Rxb1 Rxb1 39. Ra8 Rd8 40. Qc2 1-0

[Event "European Women-ch 2023"]
[Site "Petrovac"]
[Date "2023.03.26"]
[Round "8.14"]
[White "Hrebenshchykova, Yelyzaveta"]
[Black "Gaboyan, Susanna"]
[Result "1-0"]
[WhiteElo "2289"]
[BlackElo "2160"]
[Annotator "TA"]
[PlyCount "87"]
[EventDate "2023.03.15"]
[EventType "swiss"]
[EventCountry "MNE"]
[SourceTitle "playchess.com"]
[Source "ChessBase"]
[SourceQuality "1"]

1. d4 f5 2. Bg5 Nf6 3. Bxf6 exf6 4. e3 d5 5. c4 c6 6. Nc3 dxc4 7. Bxc4 b5 8. Bb3 a5 9. a3 Bd6 10. Qf3 Ra7 11. Nge2 Re7 12. O-O g6 13. Rfd1 Kf8 14. d5 b4 15. axb4 axb4 16. Na4 c5 17. Nf4 Kg7 18. Rac1 Na6 19. Bc4 Nc7 20. Nb6 Bb7 21. g4 Re5 22. h3 fxg4 23. hxg4 h5 24. gxh5 Rg5+ 25. Kf1 Bxf4 26. Qxf4 Rf5 27. Qg4 Rhxh5 28. e4 Rhg5 29. Qh3 Rh5 30. Qe3 Re5 31. Be2 Rh1+ 32. Kg2 Rh4 33. f4 Bxd5 34. fxe5 Qh8 35. exf6+ Kf7 36. Qg3 Bxe4+ 37. Bf3 Ne6 38. Bxe4 Nf4+ 39. Kf1 Qxf6 40. Nd7 Qa6+ 41. Bd3 Rh1+ 42. Kf2 Nxd3+ 43. Qxd3 Rh2+ 44. Kg1 1-0

[Event "European Women-ch 2023"]
[Site "Petrovac"]
[Date "2023.03.26"]
[Round "8.14"]
[White "Schulze, Lara"]
[Black "Vega Gutierrez, Sabrina"]
[Result "1/2-1/2"]
[WhiteElo "2277"]
[BlackElo "2361"]
[Annotator "TA"]
[PlyCount "118"]
[EventDate "2023.03.15"]
[EventType "swiss"]
[EventCountry "MNE"]
[SourceTitle "playchess.com"]
[Source "ChessBase"]
[SourceQuality "1"]

1. e4 c5 2. Nf3 e6 3. c3 d5 4. exd5 Qxd5 5. d4 Nf6 6. Na3 Nc6 7. Be2 cxd4 8. Nb5 Qd8 9. Nbxd4 Bd7 10. Bf4 a6 11. O-O Nd5 12. Bg3 Qb6 13. c4 Nxd4 14. Qxd4 Qxd4 15. Nxd4 Nb4 16. Bf3 O-O-O 17. a3 Nc6 18. Nxc6 Bxc6 19. Bxc6 bxc6 20. Rfd1 Bc5 21. Be5 f6 22. Bc3 e5 23. Kf1 Bd4 24. Bxd4 exd4 25. Ke2 c5 26. b4 Kc7 27. Kd3 Rhe8 28. Re1 Kd6 29. Rxe8 Rxe8 30. Rb1 Re7 31. bxc5+ Kxc5 32. Rb8 Rd7 33. Re8 Kb6 34. Re6+ Ka5 35. g4 Rb7 36. Kxd4 Rb2 37. Re7 Rxf2 38. Rxg7 Rxh2 39. Kd5 h5 40. gxh5 Rxh5+ 41. Kd6 Rh3 42. c5 Rd3+ 43. Kc6 Rxa3 44. Rg1 f5 45. Rc1 Rh3 46. Kd5 f4 47. c6 Rh5+ 48. Kd6 Rh6+ 49. Kc7 Kb4 50. Kb7 a5 51. c7 Rh8 52. Rd1 a4 53. Rd4+ Kb3 54. Rxf4 a3 55. c8=Q Rxc8 56. Kxc8 a2 57. Rf1 Kb2 58. Rf2+ Kb3 59. Rxa2 Kxa2 1/2-1/2

[Event "European Women-ch 2023"]
[Site "Petrovac"]
[Date "2023.03.26"]
[Round "8.14"]
[White "Kostina, Veronika"]
[Black "Walter, Ema"]
[Result "0-1"]
[WhiteElo "1855"]
[BlackElo "2048"]
[Annotator "TA"]
[PlyCount "64"]
[EventDate "2023.03.15"]
[EventType "swiss"]
[EventCountry "MNE"]
[SourceTitle "playchess.com"]
[Source "ChessBase"]
[SourceQuality "1"]

1. e4 e5 2. Nf3 Nc6 3. Nc3 Nf6 4. Be2 d5 5. exd5 Nxd5 6. Bb5 Nxc3 7. bxc3 Bd6 8. O-O O-O 9. Re1 Qf6 10. h3 Bd7 11. a4 Rfe8 12. Ba3 Bxa3 13. Rxa3 a6 14. Bd3 Rad8 15. Ra1 Na5 16. Be4 Qd6 17. Nh2 f5 18. Bf3 e4 19. Be2 Bc6 20. d4 Re6 21. Qd2 Rg6 22. Bf1 Bd5 23. Qd1 Qc6 24. Ra3 Nc4 25. Bxc4 Bxc4 26. Nf1 Bxf1 27. Rxf1 f4 28. f3 Rd5 29. fxe4 Rdg5 30. Qf3 Rxg2+ 31. Kh1 R2g3 32. Qh5 Qxe4+ 0-1

[Event "European Women-ch 2023"]
[Site "Petrovac"]
[Date "2023.03.26"]
[Round "8.15"]
[White "Froewis, Annika"]
[Black "Sliwicka, Alicja"]
[Result "0-1"]
[WhiteElo "2123"]
[BlackElo "2272"]
[Annotator "TA"]
[PlyCount "72"]
[EventDate "2023.03.15"]
[EventType "swiss"]
[EventCountry "MNE"]
[SourceTitle "playchess.com"]
[Source "ChessBase"]
[SourceQuality "1"]

1. e4 c5 2. Nf3 d6 3. d4 cxd4 4. Nxd4 Nf6 5. Nc3 Nc6 6. f3 e5 7. Nb3 Be7 8. Be3 O-O 9. Qd2 Be6 10. O-O-O a5 11. Bb5 Nb4 12. a4 d5 13. exd5 Nfxd5 14. Nxd5 Bxd5 15. Kb1 Rc8 16. c4 Be6 17. g4 Qc7 18. Qf2 f5 19. Bb6 Qb8 20. Nxa5 fxg4 21. Bd7 Bf5+ 22. Bxf5 Rxf5 23. Rd7 Bf8 24. Rg1 Rxf3 25. Qd2 e4 26. Rxb7 Qe5 27. Qd7 Qf6 28. Rd1 Rf1 29. Qd2 e3 30. Bxe3 Qf5+ 31. Ka1 Rxd1+ 32. Qxd1 Nc2+ 33. Ka2 Nxe3 34. Qe1 Nxc4 35. Nxc4 Rxc4 36. Qe8 Qd5 0-1

[Event "European Women-ch 2023"]
[Site "Petrovac"]
[Date "2023.03.26"]
[Round "8.15"]
[White "Koljevic, Nikolina"]
[Black "Bakalarz, Grazyna"]
[Result "1-0"]
[WhiteElo "2042"]
[BlackElo "1847"]
[Annotator "TA"]
[PlyCount "127"]
[EventDate "2023.03.15"]
[EventType "swiss"]
[EventCountry "MNE"]
[SourceTitle "playchess.com"]
[Source "ChessBase"]
[SourceQuality "1"]

1. e4 e5 2. Nf3 Nf6 3. Nc3 Bb4 4. Bc4 O-O 5. d3 Bxc3+ 6. bxc3 d6 7. h3 Be6 8. Bb3 Nc6 9. Bg5 h6 10. Bh4 Bxb3 11. axb3 Qe7 12. O-O g5 13. Bg3 Kg7 14. h4 g4 15. Nh2 h5 16. f3 gxf3 17. Rxf3 Rh8 18. Qd2 Rag8 19. Raf1 Ng4 20. Nxg4 hxg4 21. Qg5+ Kf8 22. Qxe7+ Nxe7 23. Rxf7+ Ke8 24. Be1 g3 25. R7f3 Rxh4 26. Rxg3 Rgh8 27. Rff3 Rh1+ 28. Kf2 R1h2 29. Bd2 Rh1 30. Rg7 R1h7 31. Rxh7 Rxh7 32. d4 exd4 33. cxd4 Nc6 34. Bc3 a6 35. Ke3 Rh2 36. Rg3 Kf7 37. d5 Ne7 38. Rg7+ Kf8 39. Kf3 c6 40. Rg5 cxd5 41. exd5 Rh1 42. Bb4 Rf1+ 43. Ke4 Rf6 44. Rg3 Ke8 45. Rg7 b5 46. g4 Kf8 47. g5 Rf2 48. Rh7 Re2+ 49. Kf3 Kg8 50. Kxe2 Kxh7 51. c4 bxc4 52. bxc4 Nc8 53. Ba5 Ne7 54. Kf3 Kg6 55. Kf4 Kf7 56. Bc7 Ng6+ 57. Kf5 Ne7+ 58. Kg4 Nc8 59. Kh5 Kg7 60. Bd8 Kf7 61. Kh6 Ke8 62. Bf6 Kf7 63. Kh7 a5 64. Bd8 1-0

[Event "European Women-ch 2023"]
[Site "Petrovac"]
[Date "2023.03.26"]
[Round "8.16"]
[White "Badelka, Olga"]
[Black "Donghvani, Nia"]
[Result "1-0"]
[WhiteElo "2428"]
[BlackElo "2025"]
[Annotator "TA"]
[PlyCount "85"]
[EventDate "2023.03.15"]
[EventType "swiss"]
[EventCountry "MNE"]
[SourceTitle "playchess.com"]
[Source "ChessBase"]
[SourceQuality "1"]

1. d4 Nf6 2. c4 g6 3. Nf3 Bg7 4. Nc3 d6 5. e4 O-O 6. Be2 e5 7. O-O Nc6 8. d5 Ne7 9. b4 Nd7 10. Rb1 f5 11. Ng5 Nf6 12. exf5 Nxf5 13. Bd3 Qe7 14. Nge4 Nxe4 15. Nxe4 a5 16. a3 axb4 17. axb4 Nd4 18. Bg5 Qd7 19. Be3 Ra3 20. f3 Qe7 21. Ra1 Rxa1 22. Qxa1 Bf5 23. Qa2 h6 24. c5 Kh7 25. Qa7 Bxe4 26. Bxe4 Ne2+ 27. Kh1 Nc3 28. Rc1 Nxe4 29. fxe4 Qh4 30. cxd6 cxd6 31. Qxb7 Qxe4 32. Bg1 Qf5 33. Rc7 Qf6 34. Qa7 e4 35. h3 Kg8 36. Qe3 Qe5 37. b5 Qxd5 38. b6 Rb8 39. Qg3 g5 40. Qg4 e3 41. Rc8+ Rxc8 42. Qxc8+ Kh7 43. b7 1-0

[Event "European Women-ch 2023"]
[Site "Petrovac"]
[Date "2023.03.26"]
[Round "8.16"]
[White "Manova, Ivana"]
[Black "Bassari, Senem Gul"]
[Result "1-0"]
[WhiteElo "1923"]
[BlackElo "1524"]
[Annotator "TA"]
[PlyCount "95"]
[EventDate "2023.03.15"]
[EventType "swiss"]
[EventCountry "MNE"]
[SourceTitle "playchess.com"]
[Source "ChessBase"]
[SourceQuality "1"]

1. e4 c5 2. Nf3 d6 3. Bb5+ Nd7 4. a4 Ngf6 5. Nc3 g6 6. O-O a6 7. Be2 Bg7 8. d4 cxd4 9. Nxd4 O-O 10. Be3 Nc5 11. Bf3 Bd7 12. b4 Ne6 13. Nde2 Nc7 14. Ra3 Rc8 15. Bb6 Qe8 16. Qd3 Ng4 17. Bxg4 Bxg4 18. Nf4 Na8 19. Be3 Be6 20. Ncd5 Nc7 21. Nb6 Rd8 22. c4 Na8 23. Rd1 Nxb6 24. Bxb6 Rc8 25. Nxe6 fxe6 26. c5 Qf7 27. Qe2 Qe8 28. Qg4 Qd7 29. h4 Kh8 30. h5 Qe8 31. Rh3 Qf7 32. f3 Qf6 33. hxg6 h6 34. Qh4 Qxh4 35. Rxh4 a5 36. cxd6 exd6 37. Bxa5 Be5 38. Rxh6+ Kg8 39. Rh7 Rb8 40. Bc7 Ra8 41. a5 Rf6 42. Rd7 Rxg6 43. Bxd6 Bc3 44. Bc5 Bf6 45. Rxb7 Kh8 46. Ra7 Rag8 47. g4 Be5 48. Bd4 1-0

[Event "European Women-ch 2023"]
[Site "Petrovac"]
[Date "2023.03.26"]
[Round "8.17"]
[White "Sandu, Mihaela"]
[Black "Fataliyeva, Ulviyya"]
[Result "1-0"]
[WhiteElo "2211"]
[BlackElo "2427"]
[Annotator "TA"]
[PlyCount "89"]
[EventDate "2023.03.15"]
[EventType "swiss"]
[EventCountry "MNE"]
[SourceTitle "playchess.com"]
[Source "ChessBase"]
[SourceQuality "1"]

1. e4 c6 2. d4 d5 3. e5 Bf5 4. h4 h5 5. Bd3 Bxd3 6. Qxd3 Qa5+ 7. Nd2 e6 8. Ne2 Nh6 9. Ng3 Qa6 10. c4 c5 11. dxc5 Nc6 12. O-O Bxc5 13. Qc2 Nd4 14. Qd1 O-O-O 15. cxd5 Rxd5 16. Nde4 Nhf5 17. Nxc5 Rxc5 18. Nxf5 Nxf5 19. Bg5 Kb8 20. Rc1 Rxc1 21. Qxc1 Qxa2 22. Rd1 Qa4 23. Bd8 Qc6 24. Qd2 b6 25. b4 Rg8 26. Qe2 f6 27. b5 Qb7 28. g3 Qf7 29. Kh2 Re8 30. Qe4 Nh6 31. Qc6 Ng4+ 32. Kg1 Nxe5 33. Bc7+ Qxc7 34. Qxe8+ Kb7 35. Qxe6 Qc5 36. Qd5+ Qxd5 37. Rxd5 a5 38. bxa6+ Kxa6 39. f4 Nc4 40. Kf2 b5 41. Ke2 Kb6 42. Rxh5 b4 43. Kd3 Nd6 44. Rh7 g6 45. Rg7 1-0

[Event "European Women-ch 2023"]
[Site "Petrovac"]
[Date "2023.03.26"]
[Round "8.17"]
[White "Karaivanova, Petya"]
[Black "Slaba, Andrea"]
[Result "1/2-1/2"]
[WhiteElo "1875"]
[BlackElo "2061"]
[Annotator "TA"]
[PlyCount "156"]
[EventDate "2023.03.15"]
[EventType "swiss"]
[EventCountry "MNE"]
[SourceTitle "playchess.com"]
[Source "ChessBase"]
[SourceQuality "1"]

1. e4 c6 2. d4 d5 3. e5 Bf5 4. Nf3 e6 5. Be2 c5 6. c4 dxc4 7. Bxc4 Nc6 8. Be3 Nge7 9. Nc3 cxd4 10. Nxd4 Nxd4 11. Bxd4 Nc6 12. Bb5 Be7 13. Qa4 O-O 14. Bxc6 bxc6 15. O-O c5 16. Be3 Qc7 17. f4 Rfd8 18. Rad1 Qb7 19. b3 h5 20. Qc4 Rac8 21. Nb5 Be4 22. Nd6 Bxd6 23. Rxd6 Bxg2 24. Rfd1 Rxd6 25. Rxd6 Bh3 26. Qc2 Qf3 27. Qf2 Qe4 28. Rd1 h4 29. Re1 Qg6+ 30. Kh1 Bf5 31. h3 Bxh3 32. Kh2 Bf5 33. Qxh4 c4 34. Rd1 Bd3 35. bxc4 Qe4 36. Re1 Bxc4 37. Bxa7 Qc2+ 38. Bf2 Bxa2 39. Rg1 Bd5 40. Qg3 Qh7+ 41. Qh4 Qc2 42. Qg3 g6 43. Qh4 Be4 44. Re1 Bf5 45. Ra1 Qd2 46. Ra6 Rd8 47. Ra2 Qd5 48. Ra1 Rc8 49. Re1 Rc2 50. Qg3 Qd2 51. Kg1 Rc3 52. Re3 Qc1+ 53. Kh2 Be4 54. Qg1 Qxg1+ 55. Kxg1 Rc4 56. Rb3 Bd5 57. Rb8+ Kg7 58. Be3 Rc2 59. Bf2 g5 60. fxg5 Kg6 61. Rg8+ Kh7 62. Rd8 Re2 63. Bd4 Re4 64. Bc3 Rg4+ 65. Kf2 Rxg5 66. Ke3 Rg3+ 67. Kd4 Rg4+ 68. Ke3 Ra4 69. Kd3 Be4+ 70. Ke3 Bf5 71. Bd4 Kg7 72. Re8 Bg6 73. Rd8 Kh6 74. Rc8 Kg5 75. Rc1 Ra3+ 76. Rc3 Ra2 77. Rc1 Ra3+ 78. Rc3 Rxc3+ 1/2-1/2

[Event "European Women-ch 2023"]
[Site "Petrovac"]
[Date "2023.03.26"]
[Round "8.18"]
[White "Zawadzka, Jolanta"]
[Black "Richterova, Natasa"]
[Result "1-0"]
[WhiteElo "2391"]
[BlackElo "2190"]
[Annotator "TA"]
[PlyCount "87"]
[EventDate "2023.03.15"]
[EventType "swiss"]
[EventCountry "MNE"]
[SourceTitle "playchess.com"]
[Source "ChessBase"]
[SourceQuality "1"]

1. e4 c6 2. d4 d5 3. Nd2 dxe4 4. Nxe4 Bf5 5. Ng3 Bg6 6. h4 h6 7. Bd3 Bxd3 8. Qxd3 e6 9. N1e2 Nf6 10. Bd2 Nbd7 11. O-O-O Qc7 12. Ne4 Nxe4 13. Qxe4 O-O-O 14. Kb1 Kb8 15. Qf3 Nf6 16. c4 Ka8 17. Bc3 Be7 18. g4 Rhf8 19. g5 hxg5 20. hxg5 Ne8 21. d5 exd5 22. cxd5 Bxg5 23. Nd4 Bf6 24. dxc6 Nd6 25. Bb4 Rfe8 26. Bxd6 Rxd6 27. Nb5 Rxd1+ 28. Rxd1 Qe5 29. Nc3 Qc7 30. Nd5 Qe5 31. cxb7+ Kb8 32. Nxf6 gxf6 33. Ka1 f5 34. a3 Qe4 35. Qg3+ Kxb7 36. Qb3+ Ka8 37. Qxf7 Rc8 38. Qd7 Qc2 39. Qd5+ Rc6 40. Re1 a6 41. Re5 f4 42. Re4 f3 43. Rb4 Ka7 44. Qd8 1-0

[Event "European Women-ch 2023"]
[Site "Petrovac"]
[Date "2023.03.26"]
[Round "8.18"]
[White "Petrovska, Katerina"]
[Black "Kejzar, Petra"]
[Result "0-1"]
[WhiteElo "1907"]
[BlackElo "2128"]
[Annotator "TA"]
[PlyCount "58"]
[EventDate "2023.03.15"]
[EventType "swiss"]
[EventCountry "MNE"]
[SourceTitle "playchess.com"]
[Source "ChessBase"]
[SourceQuality "1"]

1. e4 c5 2. Nf3 e6 3. Nc3 a6 4. d4 cxd4 5. Nxd4 Qc7 6. Bd3 Nf6 7. O-O Be7 8. Re1 d6 9. Bg5 Nbd7 10. Nb3 b6 11. f4 Bb7 12. Qe2 h6 13. Bxf6 Bxf6 14. f5 O-O 15. fxe6 fxe6 16. Nd1 Be5 17. Nd2 b5 18. c3 b4 19. Rc1 bxc3 20. Nxc3 Qb6+ 21. Kh1 Rf2 22. Qd1 Raf8 23. Nc4 Qd8 24. Qg4 Qe7 25. Rf1 R8f4 26. Qd1 Qg5 27. Rxf2 Rxf2 28. Bf1 Bf4 29. Qe1 Qh4 0-1

[Event "European Women-ch 2023"]
[Site "Petrovac"]
[Date "2023.03.26"]
[Round "8.19"]
[White "Klek, Hanna Marie"]
[Black "Calzetta Ruiz, Monica"]
[Result "1-0"]
[WhiteElo "2314"]
[BlackElo "2185"]
[Annotator "TA"]
[PlyCount "65"]
[EventDate "2023.03.15"]
[EventType "swiss"]
[EventCountry "MNE"]
[SourceTitle "playchess.com"]
[Source "ChessBase"]
[SourceQuality "1"]

1. e4 c5 2. Nf3 Nc6 3. d4 cxd4 4. Nxd4 g6 5. c4 Bg7 6. Be3 Qb6 7. Nb3 Qd8 8. Nc3 Nf6 9. Be2 d6 10. O-O O-O 11. f4 a5 12. Nd2 Nd7 13. Nf3 b6 14. Qe1 Nc5 15. f5 Ne5 16. Nd4 Bb7 17. Qh4 Rc8 18. Rad1 Bf6 19. Qf4 g5 20. Qg3 Nxe4 21. Nxe4 Bxe4 22. Bxg5 Bxg5 23. Qxg5+ Kh8 24. Qh4 Ba8 25. f6 Rg8 26. Rf2 exf6 27. Nf5 Rg5 28. Rxd6 Qc7 29. Rxf6 Rg4 30. Bxg4 Qxc4 31. h3 Qc1+ 32. Kh2 Qc7 33. Rd6 1-0

[Event "European Women-ch 2023"]
[Site "Petrovac"]
[Date "2023.03.26"]
[Round "8.19"]
[White "Zhezhovska, Monika"]
[Black "Skvortsova, Alena"]
[Result "0-1"]
[WhiteElo "1761"]
[BlackElo "2032"]
[Annotator "TA"]
[PlyCount "74"]
[EventDate "2023.03.15"]
[EventType "swiss"]
[EventCountry "MNE"]
[SourceTitle "playchess.com"]
[Source "ChessBase"]
[SourceQuality "1"]

1. d4 d6 2. c4 g6 3. Nc3 Bg7 4. g3 e5 5. d5 f5 6. e4 Nf6 7. Bg2 O-O 8. Nf3 h6 9. O-O Kh7 10. Re1 a5 11. b3 Na6 12. Bb2 Nc5 13. Nd2 Nd3 14. Qc2 Nxe1 15. Rxe1 f4 16. Ne2 g5 17. gxf4 gxf4 18. Nxf4 Ng4 19. Nh3 Qh4 20. Nf1 Nxh2 21. Nxh2 Bxh3 22. Bxh3 Qxh3 23. Re3 Qh5 24. Rg3 Rf4 25. Bc1 Rh4 26. f3 Rh3 27. Rg2 Bf6 28. Be3 b6 29. Qe2 Rf8 30. Rg4 Bg5 31. Bxg5 hxg5 32. Qg2 Kg6 33. a3 Rxh2 34. Qxh2 Qxh2+ 35. Kxh2 Rxf3 36. Rg3 Rxg3 37. Kxg3 Kh5 0-1

[Event "European Women-ch 2023"]
[Site "Petrovac"]
[Date "2023.03.26"]
[Round "8.20"]
[White "Lazarne Vajda, Szidonia"]
[Black "Lach, Aleksandra"]
[Result "0-1"]
[WhiteElo "2294"]
[BlackElo "2170"]
[Annotator "TA"]
[PlyCount "84"]
[EventDate "2023.03.15"]
[EventType "swiss"]
[EventCountry "MNE"]
[SourceTitle "playchess.com"]
[Source "ChessBase"]
[SourceQuality "1"]

1. d4 d5 2. Nf3 c6 3. e3 Nf6 4. c4 a6 5. Nc3 Bf5 6. Bd3 Bxd3 7. Qxd3 e6 8. O-O Bb4 9. Bd2 Bxc3 10. Bxc3 O-O 11. Nd2 Nbd7 12. Rfd1 Re8 13. f4 b5 14. b3 Qb6 15. a4 b4 16. Bb2 a5 17. e4 Nxe4 18. Nxe4 dxe4 19. Qxe4 f5 20. Qf3 Nf6 21. h3 Rad8 22. Rd3 Rd7 23. Rad1 Ne4 24. Kh2 Red8 25. Re1 Qc7 26. Rxe4 fxe4 27. Qxe4 Rf7 28. Rf3 Qd6 29. g3 Re7 30. Re3 Rdd7 31. h4 c5 32. dxc5 Qxc5 33. Re2 Re8 34. Be5 Red8 35. h5 Rd1 36. Rg2 Qa7 37. Bb2 Qf7 38. Qe5 h6 39. Qxa5 R8d5 40. Qa8+ Kh7 41. g4 Qxf4+ 42. Rg3 Qf2+ 0-1

[Event "European Women-ch 2023"]
[Site "Petrovac"]
[Date "2023.03.26"]
[Round "8.20"]
[White "Maione, Melissa"]
[Black "Ivanovic, Tara"]
[Result "1-0"]
[WhiteElo "2028"]
[BlackElo "1472"]
[Annotator "TA"]
[PlyCount "97"]
[EventDate "2023.03.15"]
[EventType "swiss"]
[EventCountry "MNE"]
[SourceTitle "playchess.com"]
[Source "ChessBase"]
[SourceQuality "1"]

1. e4 e5 2. Nf3 Nc6 3. Bb5 a6 4. Ba4 Nf6 5. O-O Be7 6. Re1 b5 7. Bb3 d6 8. c3 O-O 9. h3 Nb8 10. d4 Nbd7 11. Nbd2 Bb7 12. Bc2 Re8 13. Nf1 Bf8 14. Ng3 g6 15. Bg5 h6 16. Bd2 Bg7 17. Nh2 d5 18. dxe5 Nxe5 19. f4 Nc4 20. e5 Ne4 21. Nxe4 dxe4 22. Bc1 f5 23. exf6 Bxf6 24. Qg4 Kh7 25. f5 g5 26. Qh5 Ne5 27. Bxe4 Bxe4 28. Rxe4 Qd3 29. Rxe5 Bxe5 30. Qg6+ Kh8 31. Qxh6+ Kg8 32. Qxg5+ Kf8 33. Bf4 Bxf4 34. Qxf4 Qe3+ 35. Qxe3 Rxe3 36. Kf2 Rae8 37. Ng4 Re2+ 38. Kf3 Rxb2 39. a4 Rb3 40. Nf6 Rxc3+ 41. Kf4 Re2 42. axb5 axb5 43. g4 b4 44. Kg5 Rxh3 45. Kg6 Ra3 46. Rh1 Ke7 47. Rd1 Kf8 48. Rd8+ Ke7 49. Rd7+ 1-0

[Event "European Women-ch 2023"]
[Site "Petrovac"]
[Date "2023.03.26"]
[Round "8.21"]
[White "Krasteva, Beloslava"]
[Black "Hajiyeva, Laman"]
[Result "1-0"]
[WhiteElo "2292"]
[BlackElo "2118"]
[Annotator "TA"]
[PlyCount "161"]
[EventDate "2023.03.15"]
[EventType "swiss"]
[EventCountry "MNE"]
[SourceTitle "playchess.com"]
[Source "ChessBase"]
[SourceQuality "1"]

1. Nf3 d5 2. g3 Nf6 3. Bg2 c6 4. c4 Bf5 5. Qb3 Qb6 6. d3 h6 7. Be3 Qa6 8. Nbd2 e6 9. O-O Nbd7 10. Bd4 Be7 11. e4 dxe4 12. dxe4 Nxe4 13. Nxe4 Bxe4 14. Bxg7 Rh7 15. Bd4 c5 16. Bc3 Qc6 17. Ne1 Bxg2 18. Nxg2 O-O-O 19. Qc2 f5 20. Rfe1 Bg5 21. h4 Bf6 22. Nf4 Re7 23. Rad1 Bxc3 24. Qxc3 Rg8 25. Qd3 Ree8 26. Qd6 e5 27. Nh5 Re6 28. Qd3 e4 29. Qd5 Ne5 30. Nf4 Ree8 31. Kf1 Kc7 32. Re2 Rgf8 33. Red2 e3 34. fxe3 Ng4 35. Qxc6+ bxc6 36. Rd7+ Kc8 37. Ng2 Nxe3+ 38. Nxe3 Rxe3 39. Rxa7 Kb8 40. Rg7 f4 41. gxf4 Rf3+ 42. Ke2 R3xf4 43. Rdd7 Rxh4 44. Rb7+ Ka8 45. Ra7+ Kb8 46. b3 Re4+ 47. Kd3 Re6 48. Rgb7+ Kc8 49. Re7 Rf3+ 50. Kc2 Rf2+ 51. Kb1 Rxe7 52. Rxe7 Rf5 53. Rh7 Rf2 54. Rxh6 Kb7 55. Rh1 Kb6 56. Rc1 Ka5 57. Rc2 Rf3 58. Kb2 Rg3 59. Rd2 Rh3 60. a3 Rg3 61. Kc2 Rh3 62. Rd3 Rh2+ 63. Kc3 Rh6 64. Rd8 Kb6 65. Rd3 Rg6 66. b4 Rh6 67. Kb3 Rg6 68. Rf3 cxb4 69. axb4 Rh6 70. Rf8 Rg6 71. c5+ Ka6 72. Rb8 Rh6 73. Rb6+ Ka7 74. Ka4 Rg6 75. Ka5 Rh6 76. b5 Rh5 77. Rxc6 Kb7 78. Rb6+ Ka7 79. c6 Rc5 80. Rb7+ Ka8 81. Rh7 1-0

[Event "European Women-ch 2023"]
[Site "Petrovac"]
[Date "2023.03.26"]
[Round "8.21"]
[White "Bluebaum, Johanna"]
[Black "Huseynova, Lala"]
[Result "0-1"]
[WhiteElo "1954"]
[BlackElo "1694"]
[Annotator "TA"]
[PlyCount "74"]
[EventDate "2023.03.15"]
[EventType "swiss"]
[EventCountry "MNE"]
[SourceTitle "playchess.com"]
[Source "ChessBase"]
[SourceQuality "1"]

1. d4 d5 2. c4 e6 3. Nc3 Be7 4. Bf4 Nf6 5. e3 b6 6. cxd5 Nxd5 7. Bg3 Bb7 8. Nf3 Nd7 9. Bd3 O-O 10. e4 Nb4 11. Bb1 c5 12. O-O cxd4 13. Nxd4 Nc5 14. a3 Nbd3 15. Bxd3 Qxd4 16. Bc2 Qc4 17. e5 Rfd8 18. Qh5 Nd3 19. Rae1 g6 20. Bxd3 Rxd3 21. Qh6 Rad8 22. Bf4 R3d4 23. Bc1 Qc6 24. Qh3 Ba6 25. Ne2 Re4 26. Nc3 Rh4 27. Qg3 Bxf1 28. Rxf1 Rc4 29. f3 Bh4 30. Qh3 Qc5+ 31. Kh1 Qxe5 32. f4 Qh5 33. g4 Qh6 34. f5 g5 35. Qf3 exf5 36. Qxf5 Qc6+ 37. Rf3 Rf4 0-1

[Event "European Women-ch 2023"]
[Site "Petrovac"]
[Date "2023.03.26"]
[Round "8.22"]
[White "Antolak, Julia"]
[Black "Hrescak, Ivana"]
[Result "1/2-1/2"]
[WhiteElo "2276"]
[BlackElo "2127"]
[Annotator "TA"]
[PlyCount "113"]
[EventDate "2023.03.15"]
[EventType "swiss"]
[EventCountry "MNE"]
[SourceTitle "playchess.com"]
[Source "ChessBase"]
[SourceQuality "1"]

1. d4 Nf6 2. c4 g6 3. Nc3 Bg7 4. e4 d6 5. Be2 O-O 6. Be3 Nc6 7. d5 Nb8 8. h4 c6 9. h5 Qa5 10. Qd2 cxd5 11. cxd5 Nbd7 12. a3 Ne5 13. Bd4 Qc7 14. h6 Bh8 15. Nf3 Nc4 16. Qc2 Ne5 17. Nxe5 dxe5 18. Be3 Bd7 19. O-O b5 20. Rac1 Rac8 21. Qb3 Qb8 22. f3 a6 23. Qb4 Qd6 24. Na2 Nh5 25. Qxd6 exd6 26. Rxc8 Rxc8 27. Rc1 Nf4 28. Rxc8+ Bxc8 29. Bf1 f5 30. Nb4 fxe4 31. fxe4 Bf6 32. Nc6 Kf8 33. Bd2 Bd7 34. Bb4 Be7 35. Nb8 Bc8 36. b3 Nh5 37. a4 Nf6 38. axb5 axb5 39. Bd3 Bg4 40. Nc6 Bd1 41. Na5 Ng4 42. Nb7 Bxb3 43. Bxb5 Nf6 44. Bxd6 Nxe4 45. Bxe5 Bxd5 46. Na5 Bc5+ 47. Kh2 Bd6 48. Bxd6+ Nxd6 49. Bc6 Bxc6 50. Nxc6 Nf5 51. g4 Nxh6 52. Kg3 Ng8 53. Kf4 Kg7 54. Ne5 h6 55. Nf3 Nf6 56. g5 hxg5+ 57. Nxg5 1/2-1/2

[Event "European Women-ch 2023"]
[Site "Petrovac"]
[Date "2023.03.26"]
[Round "8.22"]
[White "Humbatova, Nazli"]
[Black "Mashchenko, Tamila"]
[Result "1/2-1/2"]
[WhiteElo "1737"]
[BlackElo "1956"]
[Annotator "TA"]
[PlyCount "90"]
[EventDate "2023.03.15"]
[EventType "swiss"]
[EventCountry "MNE"]
[SourceTitle "playchess.com"]
[Source "ChessBase"]
[SourceQuality "1"]

1. e4 c5 2. Nf3 d6 3. d4 cxd4 4. Nxd4 Nf6 5. Nc3 g6 6. Be3 Bg7 7. f3 O-O 8. Qd2 Nc6 9. O-O-O d5 10. Qe1 e5 11. Nxc6 bxc6 12. exd5 Nxd5 13. Bc4 Be6 14. Ne4 Qc7 15. Bc5 Rfd8 16. Kb1 h6 17. g4 f5 18. gxf5 gxf5 19. Ng3 Qf7 20. Bb3 a5 21. c4 a4 22. cxd5 cxd5 23. Bc2 d4 24. Ba3 Bxa2+ 25. Ka1 Be6 26. Bd3 Qd7 27. Rc1 Rdc8 28. Rxc8+ Rxc8 29. Qb1 Bf8 30. Nxf5 Bxa3 31. bxa3 Rc3 32. Rg1+ Kf7 33. Rg7+ Kf6 34. Qb4 Qd8 35. Rg6+ Kxg6 36. Nxd4+ Kf6 37. Qxc3 Qxd4 38. Qxd4 exd4 39. Kb2 Ke5 40. Bb5 Bb3 41. Kc1 Kf4 42. Kd2 Kxf3 43. Kd3 h5 44. Bc6+ Kg4 45. Bd7+ Kf3 1/2-1/2

[Event "European Women-ch 2023"]
[Site "Petrovac"]
[Date "2023.03.26"]
[Round "8.23"]
[White "Abdulla, Khayala"]
[Black "Kobak, Polina"]
[Result "1-0"]
[WhiteElo "2221"]
[BlackElo "1815"]
[Annotator "TA"]
[PlyCount "81"]
[EventDate "2023.03.15"]
[EventType "swiss"]
[EventCountry "MNE"]
[SourceTitle "playchess.com"]
[Source "ChessBase"]
[SourceQuality "1"]

1. e4 e6 2. d4 d5 3. Nc3 Bb4 4. Nge2 dxe4 5. a3 Bxc3+ 6. Nxc3 Nc6 7. Bb5 Nge7 8. Bg5 f6 9. Be3 O-O 10. Qd2 f5 11. O-O-O a6 12. Bxc6 Nxc6 13. g4 f4 14. Bxf4 e5 15. Bxe5 Nxe5 16. dxe5 Qxd2+ 17. Rxd2 e3 18. fxe3 Bxg4 19. Rg1 h5 20. Nd5 Rf7 21. Nf4 Re8 22. h3 Bf5 23. Rg5 Kf8 24. Rxh5 Kg8 25. Rg5 Kh7 26. Rdg2 Rd8 27. e6 Bxe6 28. Rxg7+ Kh8 29. R7g5 Bf5 30. Rh5+ Bh7 31. b3 Re8 32. Ng6+ Kg8 33. Ne5+ Rg7 34. Ng4 Rf8 35. Rh6 Rf1+ 36. Kb2 Kf8 37. Rd2 Ke7 38. Rd5 c6 39. Rdh5 Bg8 40. Re5+ Kf7 41. Rd6 1-0